|
|
|
|
| LEADER |
00000nam0a2200000 4500 |
| 001 |
371926 |
| 005 |
20231102012428.0 |
| 035 |
|
|
|a (RuTPU)RU\TPU\retro\29340
|
| 090 |
|
|
|a 371926
|
| 100 |
|
|
|a 20221128d1978 km y0rusy50 ca
|
| 101 |
0 |
|
|a rus
|
| 102 |
|
|
|a RU
|
| 105 |
|
|
|a a z 001zy
|
| 200 |
1 |
|
|a Проектирование и расчет автономных приводов
|f В. Н. Прокофьев, В. Ф. Казмиренко
|
| 210 |
|
|
|a Москва
|c Машиностроение
|d 1978
|
| 215 |
|
|
|a 232 с.
|c ил.
|
| 320 |
|
|
|a Библиогр.: с. 229-230
|
| 606 |
1 |
|
|a Приводы автоматические
|2 stltpush
|3 (RuTPU)RU\TPU\subj\51652
|9 70225
|
| 610 |
1 |
|
|a автономные приводы
|
| 610 |
1 |
|
|a математические модели
|
| 610 |
1 |
|
|a аналитические исследования
|
| 610 |
1 |
|
|a приемы
|
| 610 |
1 |
|
|a силовые агрегаты
|
| 610 |
1 |
|
|a расчет
|
| 610 |
1 |
|
|a точность
|
| 610 |
1 |
|
|a источники энергии
|
| 610 |
1 |
|
|a коррекция
|
| 675 |
|
|
|a 62-83
|v 4
|
| 700 |
|
1 |
|a Прокофьев
|b В. Н.
|g Владимир Николаевич
|
| 701 |
|
1 |
|a Казмиренко
|b В. Ф.
|g Вячеслав Федорович
|
| 801 |
|
1 |
|a RU
|b 63413507
|c 20221128
|
| 942 |
|
|
|c BK
|